| 000 | 00432nam a2200157Ia 4500 | ||
|---|---|---|---|
| 008 | 230312s9999||||xx |||||||||||||| ||und|| | ||
| 020 | _a81-203-1705-x | ||
| 082 |
_a005.276 _bTHA |
||
| 100 | _aThakkar Meghraj | ||
| 245 | 0 | _ae-Commerce Applications Using Oracle 8i and Java | |
| 260 |
_bPrentice Hall _aNew Delhi _c2000 |
||
| 300 | _a363 | ||
| 546 | _aEng. | ||
| 650 |
_aComputer _vIntroduction , Data Dictionary views |
||
| 942 | _cBK | ||
| 999 |
_c3070 _d3070 |
||